000
00343 a2200157 4500
001
193147
020
_a
978-85-16-07139-4
040
_c
Magnum
100
_a
Furnari, Eva
240
1
0
_a
Problemas boborildos
_l
por
245
1
0
_a
Problemas boborildos
300
_a
31
362
0
_a
2011
697
_a
LITERATURA INFANTO-JUVENIL
942
_c
BK
999
_c
193147
_d
193147